| 000 | 01650nam a22004457a 4500 | ||
|---|---|---|---|
| 001 | 14096792 | ||
| 003 | OSt | ||
| 005 | 20210421074807.0 | ||
| 008 | 050902s2006 nyuab b 001 0 eng | ||
| 010 | _a 2005025825 | ||
| 020 | _a0393061345 | ||
| 035 | _a(OCoLC)ocm61651451 | ||
| 040 |
_aDLC _cDLC _dBAKER _dC#P _dDLC _beng |
||
| 041 | _aeng | ||
| 042 | _apcc | ||
| 050 | 0 | 0 |
_aQH365 _b.A1 2006 |
| 080 |
_a57 _bD-22 |
||
| 082 | 0 | 0 |
_a576.8/2 _222 |
| 100 | 1 |
_aDarwin, Charles, _d1809-1882. |
|
| 245 | 1 | 0 |
_aFrom so simple a beginning : _bthe four great books of Charles Darwin / _c/ by: W. W. Norton and Company |
| 250 | _a1st edition | ||
| 260 |
_aNew York : _bW. W. Norton and Company _cc2006. |
||
| 300 |
_a1706 p. _bill., map _c25 cm. |
||
| 365 | _b39.95 usd | ||
| 504 | _aIncludes bibliographical references and indexes. | ||
| 505 | 0 | _aThe voyage of the Beagle (1845) -- On the origin of species (1859) -- The descent of man, and selection in relation to sex (1871) -- The expression of the emotions in man and animals (1872). | |
| 611 | 2 | 0 |
_aBeagle Expedition _d(1831-1836) |
| 650 | 0 | _aEvolution (Biology) | |
| 650 | 0 |
_aBiology _9483 |
|
| 650 | 0 | _aNatural selection. | |
| 650 | 0 |
_aHuman beings _xOrigin. |
|
| 650 | 0 | _aEmotions. | |
| 653 | _aბიოლოგია | ||
| 653 | _aევოლუცია | ||
| 700 | 1 |
_aWilson, Edward O. _eEditor |
|
| 856 | 4 | 1 |
_3Table of contents _uhttp://www.loc.gov/catdir/toc/ecip0519/2005025825.html |
| 906 |
_a7 _bcbc _corignew _d1 _eecip _f20 _gy-gencatlg |
||
| 942 |
_2udc _cBK _e1 |
||
| 999 |
_c1740 _d1740 |
||